Normal view
MARC view
Entry Personal Name
001 - CONTROL NUMBER
- control field: 21939
003 - CONTROL NUMBER IDENTIFIER
- control field: ARRUPE
005 - DATE AND TIME OF LATEST TRANSACTION
- control field: 20160128153443.0
008 - FIXED-LENGTH DATA ELEMENTS
- fixed length control field: 160128|| aca||aabn | a|a d
040 ## - CATALOGING SOURCE
- Original cataloging agency: ARRUPE
- Transcribing agency: ARRUPE
100 ## - HEADING--PERSONAL NAME
- Personal name: Rosebery, Archibald Philip Primrose,
- Titles and other words associated with a name: Earl of,
- Dates associated with a name: 1847-1929.
670 ## - SOURCE DATA FOUND
- Source citation: Work cat.: (ARRUPE)0: Rosebery, Archibald Philip Primrose, Earl of, 1847-1929., Napoleon, the last phase;, 1900.